1393 1806 1782 1422 1182 1896 1480 1484 1363 1731 1486 1311 1834 1733 1592 1182 1194 1265 1404 1804 1753 1431 1336 1257 1869 1620 1611 1237 1254 1817 1106 1830 1987 1277 1783 1979 1780 1769 1325 1815 1012 1549 1366 1067 1756 1466 1884 1163 1391 1261 1521 1710 1649 1417 1503 1168 1667 1139 1503 1653 1091 1121 1415 1846 1725 1980 1346 1547 1167 1969 1196 1186 1854 1897 1533 1615 1668 1600 1020 1889 1552 1992 1558 1893 1503 1396 1999 1563 1910 1208 1009 1068 1559 1761 1113 1324 1518 1563 1855 BCNSPRNW ULIB Ver.6.0+V

เปลี่ยนเป็นภาษาไทย

Change to English
 แสดงรายละเอียดบรรณานุกรม
  กลับหน้าหลัก

Brief Record : Get Marc (ISO 2709) : E-mail record : QR code < ปิดหน้าต่าง
LEADER : 00000nam a2200000 a 4500
001    13399113701
003     ULIB
008    051011s2553 th 000 0 tha d
020    ^a9741334087
050  4 ^aPL4165^bพ755ค
100 0  ^aพิศศรี กมลเวชช
245 10 ^aครบครันเรื่องวรรณยุกต์ /^cพิศศรี กมลเวชช
250    ^aพิมพ์ครั้งที่ 7
260    ^aกรุงเทพฯ :^bหอรัตนชัยการพิมพ์,^c2553
300    ^aก-ง , 104 หน้า ;^c21 ซม.
650  4 ^aภาษาไทย^xการออกเสียง
650  4 ^aภาษาไทย^xวรรณยุกต์
650  4 ^aภาษาไทย^xสัทธศาสตร์
945    ^p90^l0^i030829
945    ^p90^l0^i030830
995    ^aเกษร
999 ^a ใช้งานได้ทุกระบบ
รายการนี้ยังไม่มีแท็ก
คุณยังไม่ได้ล็อกอิน คุณสามารถมีกิจกรรมร่วมกับเว็บไซต์ได้ แต่ต้องล็อกอินก่อน ::
  ล็อกอิน

รายการสื่อสารสนเทศ

ลำดับที่ ประเภท เลขเรียก/บาร์โค้ด สถานที่ สถานะ
- ไม่พบข้อมูล -

รายการใกล้เคียง
    ผู้แต่ง [พิศศรี กมลเวชช]

BibComment


ยังไม่เคยถูกคอมเมนท์

คอมเมนท์ทรัพยากรรายการนี้
  คอมเมนท์: ครบครันเรื่องวรร..


 Copyright 2026. Bcnsprnw @Library